Lízingové odpisy nehnuteľností
Lízingové odpisy nehnuteľností podľa zákona č. 366/1999 Z.z. o daniach z príjmov v znení neskorších predpisov. Praktické príklady.
Salvato in:
| Autore principale: | |
|---|---|
| Altri autori: | |
| Natura: | Capitolo di libro |
| Lingua: | slovacco |
| Soggetti: | |
| Tags: |
Nessun Tag, puoi essere il primo ad aggiungerne!!
|
MARC
| LEADER | 00000naa a2200000 4500 | ||
|---|---|---|---|
| 001 | r045557 | ||
| 005 | 20231002123250.7 | ||
| 041 | 0 | |a slo | |
| 044 | |a SK | ||
| 245 | 1 | 0 | |a Lízingové odpisy nehnuteľností |c Juraj Neufeld, Ján Marušin |
| 520 | |a Lízingové odpisy nehnuteľností podľa zákona č. 366/1999 Z.z. o daniach z príjmov v znení neskorších predpisov. Praktické príklady. | ||
| 610 | 2 | 0 | |a lízing |
| 610 | 2 | 0 | |a odpisy daňové |
| 610 | 2 | 0 | |a dane z príjmov |
| 610 | 2 | 0 | |a nehnuteľnosti |
| 610 | 2 | 0 | |a prenájom zmluvný |
| 610 | 2 | 0 | |a úpravy právne |
| 100 | 1 | |a Neufeld, Juraj, 1946- | |
| 700 | 1 | |a Marušin, Ján | |